Wystrój rzeźbiarski pretorium we Wrocławiu
| Titel: | Wystrój rzeźbiarski pretorium we Wrocławiu : ze studiów nad rzeźbą architektoniczną 2 tercji XIV wieku na Śląsku / Tadeusz Jurkowlaniec |
|---|---|
| Verfasser: | |
| In: |
Rocznik historii sztuki, alle Artikel anzeigen |
| Veröffentlicht: | 1995 |
| Umfang: | zahlr. Ill. |
| Format: | Aufsatz |
| Sprache: | Polnisch | Vorliegende Ausgabe: | Online-Ausg. Heidelberg: Univ.-Bibl., 2013. - Online-Ressource. |
X
alg: 47169514 001A $06055:06-11-20 001B $03025:14-01-25 $t12:37:33.000 001D $06055:06-11-20 001U $0utf8 001X $00 002@ $0Oox 002C $aText $btxt $2rdacontent 002D $aComputermedien $bc $2rdamedia 002E $aOnline-Ressource $bcr $2rdacarrier 003@ $0471695149 004U $0urn:nbn:de:bsz:16-diglit-164077 $SV98 007A $0471695149 $aHEB 007I $0HHB-380042347 007I $0HHB-1450042341 009Q $SV98 $uhttp://digi.ub.uni-heidelberg.de/diglit/rhs1995/0183 $xH 010@ $apol 011@ $a1995 011B $a2013 021A $aWystrój rzeźbiarski pretorium we Wrocławiu $dze studiów nad rzeźbą architektoniczną 2 tercji XIV wieku na Śląsku $hTadeusz Jurkowlaniec 027A $aDer @Skulpturenschmuck des Praetoriums in Breslau (Wrocław) : zur Geschichte der Bauskulptur im zweiten Drittel des 14. Jahrhunderts in Schlesien 028A $#Jurkovljanecʹ, Tadeuš $7132872684 $8Jurkowlaniec, Tadeusz$Z1949- [Tp1] $9186003986 033N $pHeidelberg $nUniv.-Bibl. 033Q $aOnline-Ressource 034M $azahlr. Ill. 037A $aDt. Zsfassung. u.d.T.: Der Skulpturenschmuck des Praetoriums in Breslau (Wrocław) : zur Geschichte der Bauskulptur im zweiten Drittel des 14. Jahrhunderts in Schlesien, S. 220-222 037A $aEnthalten in: 21(1995), Seite [181]-222 037G $aOnline-Ausg. 039B $aIn $8--Obvc--. Rocznik historii sztuki. - Warszawa : Polska Akademia Nauk, 1956-. - Online-Ressource. - ISSN 2720-2933. - DOI 10.11588/diglit.12451. - urn:nbn:de:bsz:16-diglit-124512 $9290997941 044K $RNiederschlesien $#Breslau $#Wrocław $#Wrotizla $#Breßlau $#Breßlaw $#Vroclav $#Vratislav $#Vratislavia $#Vratislauiae $#Bresslau $#Wratislavia $#Brassel $#Bresla $#Wratislava $#Smirna $#Breslavia $#Wroclaw $74008216-7 $8Breslau [Tg1] $9085014184 044K $RArchitekt $RBaudenkmal $RBauweise $RInnenarchitektur $#Architecture $#Architecture $#Baukunst $74002851-3 $8Architektur [Ts1] $9084999292 044K $RBildhauer $#Sculpture $#Sculpture $#Bildhauerkunst $#Bildwerk $#Skulptur $#Plastiken $#Skulpturen $74046277-8 $8Plastik [Ts1] $908512933X 045E $c700 045F $a307.09438 $eDDC23BSB 045F/01 $a307.09 045F/03 $g438 045F/03 $g4385 045R $aGeschichte 1360-1400 045T $a9,10 lok: 47169514 3 exp: 47169514 3 1 #EPN 201B/01 $008-11-20 $t22:08:15.460 201C/01 $008-11-20 201U/01 $0utf8 203@/01 $01128897091 204U/01 $0urn:nbn:de:bsz:16-diglit-164077 $SV98 208@/01 $a08-11-20 $bl lok: 47169514 78 exp: 47169514 78 1 #EPN 201B/01 $014-01-25 $t12:37:59.000 201C/01 $014-01-25 201U/01 $0utf8 203@/01 $01289191093 208@/01 $a14-01-25 $be 209A/01 $a/ $f000 $x00 209A/01 $ab*p $x01 220C/01 $aeja 244Z/01 $#Schlesien $#Schlesien $#Herzogtum Schlesien $#Herzogtum Schlesien Schlesien $#Provinz Schlesien $#Śla̜sk $#Slezsko $#Silesia $74052678-1 $8--Tg1--Schlesien $x02 $9085146781 247C/01 $82080>Marburg/Lahn, Herder-Institut, Forschungsbibliothek, Bibliographieportal $9336309341
| LEADER | 00000caa a22000002c 4500 | ||
|---|---|---|---|
| 001 | 471695149 | ||
| 003 | DE-603 | ||
| 005 | 20250114123733.0 | ||
| 007 | cr|||||||||||| | ||
| 008 | 201106s1995 xx |||| o| u00||u|pol c | ||
| 024 | 7 | |a urn:nbn:de:bsz:16-diglit-164077 |2 urn | |
| 035 | |a (DE-599)HEB471695149 | ||
| 040 | |a DE-603 |b ger |c DE-603 |d DE-603 | ||
| 041 | |a pol | ||
| 082 | 0 | 4 | |8 1\u |a 307.09438 |q DE-101 |2 23/BSB |
| 084 | |a 700 |q DE-101 |2 sdnb | ||
| 084 | |a 9,10 |2 ssgn | ||
| 085 | |8 1\u |b 307.09 | ||
| 085 | |8 1\u |z 2 |s 438 | ||
| 085 | |8 1\u |z 2 |s 4385 | ||
| 100 | 1 | |a Jurkowlaniec, Tadeusz |d 1949- |0 (DE-603)186003986 |0 (DE-588)132872684 |2 gnd | |
| 245 | 0 | 0 | |a Wystrój rzeźbiarski pretorium we Wrocławiu |b ze studiów nad rzeźbą architektoniczną 2 tercji XIV wieku na Śląsku |c Tadeusz Jurkowlaniec |
| 246 | 1 | 3 | |a Der Skulpturenschmuck des Praetoriums in Breslau (Wrocław) : zur Geschichte der Bauskulptur im zweiten Drittel des 14. Jahrhunderts in Schlesien |
| 264 | 0 | |c 1995 | |
| 300 | |b zahlr. Ill. | ||
| 336 | |a Text |b txt |2 rdacontent | ||
| 337 | |a Computermedien |b c |2 rdamedia | ||
| 338 | |a Online-Ressource |b cr |2 rdacarrier | ||
| 500 | |a Dt. Zsfassung. u.d.T.: Der Skulpturenschmuck des Praetoriums in Breslau (Wrocław) : zur Geschichte der Bauskulptur im zweiten Drittel des 14. Jahrhunderts in Schlesien, S. 220-222 | ||
| 500 | |a Enthalten in: 21(1995), Seite [181]-222 | ||
| 530 | |a Online-Ausg. | ||
| 533 | |b Heidelberg |c Univ.-Bibl. |d 2013 |e Online-Ressource |7 s2013uuuuxx u| | ||
| 648 | 7 | |a Geschichte 1360-1400 |2 gnd | |
| 650 | 7 | |a Architektur |0 (DE-588)4002851-3 |0 (DE-603)084999292 |2 gnd | |
| 650 | 7 | |a Plastik |0 (DE-588)4046277-8 |0 (DE-603)08512933X |2 gnd | |
| 651 | 7 | |a Breslau |0 (DE-588)4008216-7 |0 (DE-603)085014184 |2 gnd | |
| 773 | 0 | 8 | |i In |t Rocznik historii sztuki |d Warszawa : Polska Akademia Nauk, 1956- |h Online-Ressource |o 10.11588/diglit.12451 |o urn:nbn:de:bsz:16-diglit-124512 |x 2720-2933 |w (DE-603)290997941 |w (DE-600)2654042-3 |
| 856 | |u http://digi.ub.uni-heidelberg.de/diglit/rhs1995/0183 |x Verlag | ||
| 924 | 1 | |9 603 |a (DE-603)1128897091 |b DE-603 |c HES |d d | |
| 924 | 1 | |9 2080 |a (DE-603)1289191093 |b DE-2080 |c HES |d d |g / | |


